000 01335nam a2200385 i 4500
001 44309
003 ES-MaCES
005 20131202134827.0
008 130405s2013 sp t 000 | spa d
017 _aGR 1216-2013
_bDL
020 _a9788490450666
040 _aES-MaCES
_bspa
_cES-MaCES
100 1 _aGorelli Hernández, Juan
_913963
245 1 3 _aLa negociación colectiva de empresa
_b: descuelgue y prioridad aplicativa del convenio de empresa
_cJuan Gorelli Hernández
260 _aGranada
_bComares
_c2013
300 _aXVIII, 182 p.
_c22 cm
490 1 _aColección Trabajo y Seguridad Social
_v73
490 1 _aBiblioteca Comares de ciencia jurídica
504 _aBibliografía: p. 177-182
541 _cCompra
650 4 _anegociación colectiva
_928362
650 4 _acondiciones de trabajo
_928327
650 4 _aconvenio colectivo
_928361
650 4 _adescuelgue salarial
_931527
650 4 _acampo de aplicación
_930263
650 4 _aprocedimiento laboral
_930887
650 4 _aderecho del trabajo
_927165
650 4 _aEspaña
_926964
650 4 _arégimen jurídico
_929894
653 1 0 _aRelaciones laborales-Empleo
830 0 _aColección Trabajo y Seguridad Social
_v73
_933762
830 0 _aBiblioteca Comares de ciencia jurídica
_932174
902 _aLIB Libro
942 _2CES
_cBK
_h2.0.
999 _c44309
_d44309